Statistics for Dog Breeds of the AKC - Hound Group

Click here to take the quiz!

General Stats

  • This quiz has been taken 912 times
    (131 since last reset)
  • The average score is 17 of 35

Answer Stats

Hound Group% Correct
Basset Hound
83%
Beagle (13 inch)
82%
Beagle (15 inch)
82%
Bloodhound
82%
Greyhound
75%
American Foxhound
73%
English Foxhound
69%
Afghan Hound
68%
Bluetick Coonhound
59%
Black and Tan Coonhound
58%
American English Coonhound
55%
Redbone Coonhound
55%
Whippet
55%
Treeing Walker Coonhound
54%
Borzoi
53%
Irish Wolfhound
53%
Saluki
51%
Dachshund (Longhaired)
47%
Dachshund (Smooth)
47%
Dachshund (Wirehaired)
47%
Scottish Deerhound
41%
Pharaoh Hound
36%
Basenji
35%
Harrier
35%
Ibizan Hound
35%
Sloughi
34%
Otterhound
33%
Azawakh
30%
Norwegian Elkhound
30%
Plott Hound
29%
Rhodesian Ridgeback
23%
Petit Basset Griffon Vendeen
21%
Grand Basset Griffon Vendeen
20%
Cirneco dell'Etna
19%
Portuguese Podengo Pequeno
15%

Score Distribution

Percentile by Number Answered

Percent of People with Each Score

Your Score History

You have not taken this quiz since the last reset